Đàm thoại tiếng Anh qua điện thoại

Spremljeno u:
Bibliografski detalji
Format: Knjiga
Jezik:Undetermined
Teme:
Oznake: Dodaj oznaku
Bez oznaka, Budi prvi tko označuje ovaj zapis!
Thư viện lưu trữ: Trung tâm Học liệu Trường Đại học Cần Thơ
LEADER 00393nam a2200133Ia 4500
001 CTU_118881
008 210402s9999 xx 000 0 und d
082 |a 428.34 
082 |b Đ104/Cas.2 
245 0 |a Đàm thoại tiếng Anh qua điện thoại 
650 |a English language 
650 |x Spoken English 
904 |i Tuyến 
980 |a Trung tâm Học liệu Trường Đại học Cần Thơ